Layered silicated/rubber nanocomposites via latex and solution intercalations (Record no. 51464)

MARC details
000 -LEADER
fixed length control field 00501nam a2200133Ia 4500
100 ## - MAIN ENTRY--AUTHOR NAME
Personal name Varghese S
245 #0 - TITLE STATEMENT
Title Layered silicated/rubber nanocomposites via latex and solution intercalations
260 ## - PUBLICATION, DISTRIBUTION, ETC. (IMPRINT)
Name of publisher In: Polymer Composites: From nano- to macro-scales (Klaus Friedrich, Stoyko Fakirov and Zhong Zhang) Springer, USA, 2005. pp. 77-90.
650 ## - SUBJECT ADDED ENTRY--TOPICAL TERM
Topical Term Latex intercalation
650 ## - SUBJECT ADDED ENTRY--TOPICAL TERM
Topical Term Nanocomposites
700 ## - ADDED ENTRY--PERSONAL NAME
Personal name Karger-Kocsis Jozsef
942 ## - ADDED ENTRY ELEMENTS (KOHA)
Koha item type Bibliography STAF
Holdings
Withdrawn status Lost status Damaged status Not for loan Home library Current library Shelving location Date acquired Koha item type
      Bibliography RRII Library RRII Library Rubber technology 05/06/2007 Bibliography STAF